|
|
|
|
| LEADER |
01380nam a2200385Ia 4500 |
| 001 |
EBC706779 |
| 003 |
MiAaPQ |
| 005 |
20200520144314.0 |
| 006 |
m o d | |
| 007 |
cr cn||||||||| |
| 008 |
101202s2011 enka sb 001 0 eng d |
| 010 |
|
|
|z 2010050393
|
| 020 |
|
|
|z 0470669977
|
| 020 |
|
|
|z 9780470669976
|
| 020 |
|
|
|z 9780470670163
|
| 035 |
|
|
|a (MiAaPQ)EBC706779
|
| 035 |
|
|
|a (Au-PeEL)EBL706779
|
| 035 |
|
|
|a (CaPaEBR)ebr10510522
|
| 035 |
|
|
|a (CaONFJC)MIL337173
|
| 035 |
|
|
|a (OCoLC)755982651
|
| 040 |
|
|
|a MiAaPQ
|c MiAaPQ
|d MiAaPQ
|
| 050 |
|
4 |
|a HF5415.13
|b .M255 2011
|
| 100 |
1 |
|
|a McDonald, Malcolm.
|
| 245 |
1 |
0 |
|a Marketing plans
|h [electronic resource] :
|b how to prepare them, how to use them /
|c Malcolm McDonald, Hugh Wilson.
|
| 250 |
|
|
|a 7th ed.
|
| 260 |
|
|
|a Chichester, West Sussex, U.K. :
|b Wiley,
|c 2011.
|
| 300 |
|
|
|a xvi, 573 p. :
|b ill. (some col.)
|
| 504 |
|
|
|a Includes bibliographical references and index.
|
| 533 |
|
|
|a Electronic reproduction. Ann Arbor, MI : ProQuest, 2015. Available via World Wide Web. Access may be limited to ProQuest affiliated libraries.
|
| 650 |
|
0 |
|a Marketing
|x Management.
|
| 650 |
|
0 |
|a Marketing
|x Planning.
|
| 655 |
|
4 |
|a Electronic books.
|
| 700 |
1 |
|
|a Wilson, Hugh,
|d 1962-
|
| 710 |
2 |
|
|a ProQuest (Firm)
|
| 856 |
4 |
0 |
|u https://ebookcentral.proquest.com/lib/matrademy/detail.action?docID=706779
|z Click to View
|